| 000 | 00426cam a22001577a 4500 | ||
|---|---|---|---|
| 008 | 180718b1996 xxu||||| |||| 00| 0 eng d | ||
| 020 | _a8170333069 | ||
| 082 | _aB142 J199w | ||
| 245 |
_aWomen images _cedited by Pratibha Jain and Rajan Mahan |
||
| 260 |
_aJaipur _bRawat _c1996 |
||
| 300 | _a294p. | ||
| 650 | _aWomen - legal status - India. | ||
| 650 | _aWomen - India | ||
| 700 | _aRajan Mohan | ||
| 700 | _aJain, Pratibha | ||
| 999 |
_c378960 _d378960 |
||